| 000 | 01232nam a2200313Ia 4500 | ||
|---|---|---|---|
| 001 | ebr10171492 | ||
| 003 | CaPaEBR | ||
| 006 | m u | ||
| 007 | cr cn||||||||| | ||
| 008 | 061218s2007 enka sb 001 0 eng d | ||
| 010 | _z 2006044677 | ||
| 020 | _z9781403967930 (hbk.) | ||
| 020 | _z1403967938 (hbk.) | ||
| 040 |
_aCaPaEBR _cCaPaEBR |
||
| 035 | _a(OCoLC)648198962 | ||
| 050 | 1 | 4 |
_aLA634 _b.M289 2007eb |
| 082 | 0 | 4 |
_a373.41 _222 |
| 100 | 1 | _aMcCulloch, Gary. | |
| 245 | 1 | 0 |
_aCyril Norwood and the ideal of secondary education _h[electronic resource] / _cGary McCulloch. |
| 260 |
_aBasingstoke : _bPalgrave Macmillan, _cc2007. |
||
| 300 |
_ax, 197 p. : _bill. |
||
| 504 | _aIncludes bibliographical references and index. | ||
| 533 |
_aElectronic reproduction. _bPalo Alto, Calif. : _cebrary, _d2009. _nAvailable via World Wide Web. _nAccess may be limited to ebrary affiliated libraries. |
||
| 600 | 1 | 0 |
_aNorwood, Cyril, _cSir, _d1875- |
| 650 | 0 |
_aEducation, Secondary _zGreat Britain _xHistory _y20th century. |
|
| 655 | 7 |
_aElectronic books. _2local |
|
| 710 | 2 | _aebrary, Inc. | |
| 856 | 4 | 0 |
_uhttp://site.ebrary.com/lib/rucke/Doc?id=10171492 _zAn electronic book accessible through the World Wide Web; click to view |
| 999 |
_c248721 _d248721 |
||